The Rocking horse angel. (Record no. 14136)

MARC details
000 -LEADER
fixed length control field 00542nam a22001932 4500
001 - CONTROL NUMBER
control field 0000005568
005 - DATE AND TIME OF LATEST TRANSACTION
control field 20151217160107.0
008 - FIXED-LENGTH DATA ELEMENTS--GENERAL INFORMATION
fixed length control field 070619s xx 000 0 eng d
040 ## - CATALOGING SOURCE
Original cataloging agency KABU
Transcribing agency KABU
050 #0 - LIBRARY OF CONGRESS CALL NUMBER
Classification number PZ7
Item number .M39R63
100 1# - MAIN ENTRY--PERSONAL NAME
Personal name Mayer, Mercer.
-- 0000156825
245 14 - TITLE STATEMENT
Title The Rocking horse angel.
260 ## - PUBLICATION, DISTRIBUTION, ETC. (IMPRINT)
Place of publication, distribution, etc. New York :
Name of publisher, distributor, etc. M. Cavendish,
Date of publication, distribution, etc. 2000.
300 ## - PHYSICAL DESCRIPTION
Extent [42] p.
908 ## - PUT COMMAND PARAMETER (RLIN)
Put command parameter 070619
950 ## - LOCAL HOLDINGS (RLIN)
-- 1
Holdings
Withdrawn status Lost status Source of classification or shelving scheme Not for loan Home library Current library Date acquired Total Checkouts Full call number Barcode Date last seen Price effective from Koha item type
    Library of Congress Classification   Kabarak, Main Campus Kabarak, Main Campus 17/12/2015   PZ7 .M39R63 002048 17/12/2015 17/12/2015 Children Collection
    Library of Congress Classification   Kabarak, Main Campus Kabarak, Main Campus 17/12/2015   PZ7 .M39R63 33801 17/12/2015 17/12/2015 Children Collection
Designed with assistance from East African Informatics Ltd